José Rogelio Alvarez : recuerdos, trabajos y letras /
José Rogelio Alvarez (Guadalajara, 1922), historiador, escritor, servidor público, empresario, antropólogo y académico jalisciense que dirigió la Enciclopedia de México -obra clásica de consulta, interpretación y resumen de tipo histórico sobre México-, desde 1969 hasta julio de 1992. Escribió para...
Uloženo v:
| Hlavní autor: | |
|---|---|
| Další autoři: | |
| Médium: | Kniha |
| Jazyk: | španělština |
| Témata: | |
| Tagy: |
Žádné tagy, Buďte první, kdo vytvoří štítek k tomuto záznamu!
|
MARC
| LEADER | 00000nam^a2200000^a^4500 | ||
|---|---|---|---|
| 001 | 000186412 | ||
| 005 | 20250526000000.0 | ||
| 009 | 20260310102226.22 | ||
| 037 | |a Acervo ITESO - Biblioteca | ||
| 041 | |a ESP | ||
| 082 | |a 972. 0092 |b ALV | ||
| 100 | |a Alvarez, José Rogelio |e (autor) | ||
| 245 | 1 | 0 | |a José Rogelio Alvarez : |b recuerdos, trabajos y letras / |c J.R. Alvarez ; entrevistado por E. Jiménez. |
| 264 | |a México : |b Sociedad Mexicana de Geografía y Estadística, Academia Ciudad de México, |c 1994 | ||
| 300 | |a 49 p. ; |c 21.0 cm. | ||
| 336 | |a texto |b txt |2 rdacontenido | ||
| 337 | |a sin mediación |b n |2 rdamedio | ||
| 338 | |a volumen |b nc |2 rdasoporte | ||
| 520 | |a José Rogelio Alvarez (Guadalajara, 1922), historiador, escritor, servidor público, empresario, antropólogo y académico jalisciense que dirigió la Enciclopedia de México -obra clásica de consulta, interpretación y resumen de tipo histórico sobre México-, desde 1969 hasta julio de 1992. Escribió para cada uno de los doce tomos que componen la obra, un promedio de doscientas cuartillas sobre temas de historia, política, economía y arte, aunque también tuvo la colacoración de cuatro cientos especialistas de todo el país. La Enciclopedia de México apareció completa en 1977 y se editaron 140 mil colecciones bajo la editorial Enciclopedia de México, pero la Enciclopedia Británica sigue publicándola. José Rogelio Álvarez recibió el Premio Jalisco en 1977; la medalla "Benito Juárez" de la Sociedad Mexicana de Geografía y Estadística (1993) y el Premio Ciudad de Guadalajara (1994). | ||
| 649 | |a XX | ||
| 650 | |a Historiadores Jaliscienses - |x Biografías | ||
| 650 | |a Historiadores Mexicanos - |x Biografías | ||
| 650 | |a Funcionarios Públicos Jaliscienses - |x Biografías | ||
| 650 | |a Funcionarios Públicos Mexicanos - |x Biografías | ||
| 650 | |a Escritores Jaliscienses - |x Biografías | ||
| 650 | |a Escritores Mexicanos - |x Biografías | ||
| 650 | |a Jalisco - |x Historia - |y Siglo XX | ||
| 650 | |a México - |x Historia - |y Siglo XX | ||
| 650 | |a Alvarez, José Rogelio - |x Tema Principal | ||
| 700 | |a Jiménez, Edith |e (entrevista) | ||
| 910 | |a Fondo Julio de la Peña Lomelín | ||
| 920 | |a Impresos - Libros | ||
| 930 | |a Libros Antiguos y Raros | ||
| 940 | |a Arquitectos Jaliscienses | ||
| 905 | |a 108 | ||
| 901 | |a 0500128208 |b IT2 |c LRA |u 20250526 | ||
| 902 | |a https://opac.biblio.iteso.mx/vufind/Record/000186412 | ||